| 000 | 00454nam a22001697a 4500 | ||
|---|---|---|---|
| 999 |
_c11159 _d11159 |
||
| 003 | OSt | ||
| 008 | 220415b ||||| |||| 00| 0 eng d | ||
| 020 | _a9789350571316 | ||
| 082 | _a005.5 SIT | ||
| 100 | _aSINGH, Shraddha | ||
| 245 | _aTally ERP 9: Power of Simplicity Tally. | ||
| 260 |
_aNew Delhi _bV & S Publishers |
||
| 300 | _a178 | ||
| 650 | _aTally . ERP 9 : Power of Simplicity (Commerce) | ||
| 700 | _aMEHRA, Navneet | ||
| 942 |
_2ddc _cBK _03 |
||